000 00717nam a2200229Ia 4500
003 OSt
005 20221006165633.0
006 a|||||r|||| 00| 0
007 ta
008 221006b |||||||| |||| 00| 0 eng d
024 _a1,691
037 _cTextual
040 _aFML
_cFML
_beng
041 _2eng
_aeng
082 _aY73(Q7)a2 ' N8, M9
100 _aMohammed Haroon Au.
245 0 _aMuslims of India
_b Their Litrature of Education, History, Politics, Religion, Socio-Econimics and Communal Problems
260 _aDelhi
_bIndian Bibliographic Bureau
_c1989
300 _a156
_ccm.
942 _hY73(Q7)a2 ' N8, M9
_cTEXL
_2CC
999 _c1121544
_d1121544